Statistics for Which Twin State is Bigger?

Click here to take the quiz!

General Stats

  • This quiz has been taken 88 times
  • The average score is 10 of 17

Answer Stats

QuestionAnswer% Correct
California or Nevada?California
84%
Michigan or Ohio?Michigan
80%
North Carolina or South Carolina?North Carolina
77%
Indiana or Ohio?Ohio
70%
Georgia or Alabama?Georgia
69%
Wyoming or Colorado?Colorado
65%
Mississippi or Alabama?Alabama
62%
Pennsylvania or New York?New York
62%
Washington or Oregon?Oregon
62%
Missouri or Illinois?Missouri
58%
North Dakota or South Dakota?South Dakota
58%
New Mexico or Arizona?New Mexico
53%
Tennessee or Kentucky?Tennessee
51%
Arizona or Nevada?Arizona
47%
Kansas or Nebraska?Kansas
47%
Vermont or New Hampshire?Vermont
47%
Utah or Idaho?Idaho
46%

Score Distribution

Percentile by Number Answered

Percent of People with Each Score

Your Score History

You have not taken this quiz